| 000 | 01657nam0a2200385 i 4500 | ||
|---|---|---|---|
| 001 | RU\NLR\BIBL_A\010901809 | ||
| 005 | 20241104235011.0 | ||
| 010 |
_a9785406050828 _91000 |
||
| 021 |
_aRU _b2015-82853 _95049 |
||
| 035 | _a(NILC)RuMoRGB-008051390 | ||
| 035 | _a(NLR Aleph) 010901809 | ||
| 090 |
_a10595873 _c10595873 |
||
| 100 | _a20151117d2015 km y0rusy50 ca | ||
| 101 | 0 | _arus | |
| 102 | _aRU | ||
| 105 | _aa|||z|||000yy | ||
| 200 | 1 |
_aСовременные тенденции взаимодействия банковского и реального секторов экономики: опыт России и Казахстана _eмонография _fА. М. Рахметова |
|
| 210 |
_aМосква _cКНОРУС _d2015 |
||
| 215 |
_a323, [1] с. _cил., табл. _d22 |
||
| 320 | _aБиблиогр.: с. 307-324 (266 назв.) | ||
| 606 | 1 |
_aБанковская система _yРоссийская Федерация _92089531 _3RU\NLR\AUTH\661264847 |
|
| 606 | 1 |
_aБанковская система _yКазахстан _92269213 _3RU\NLR\AUTH\6601589352 |
|
| 607 |
_aКазахстан _xНародное хозяйство _91241838 _3RU\NLR\AUTH\66507430 |
||
| 607 |
_aРоссийская Федерация _xНародное хозяйство _92106777 _3RU\NLR\AUTH\661273591 |
||
| 675 | _a336 | ||
| 686 | 1 | _aУ26(2)210 | |
| 686 | 1 | _aУ03(2Р)74 | |
| 686 | 1 | _aУ03(2К) | |
| 686 | 1 | _aУ26(2К)210 | |
| 700 | 1 |
_aРахметова _bА. М. _gАйбота Муратовна |
|
| 801 | 0 |
_aRU _bРГБ _c20151023 _gRCR |
|
| 942 | _cBOOK | ||
| 980 | _aNBR | ||